1776 1045 1543 1651 1361 1266 1930 1051 1940 1101 1857 1437 1357 1034 1112 1157 1514 1318 1334 1158 1659 1846 1079 1306 1191 1320 1037 1707 1980 1287 1702 1980 1647 1272 1266 1676 1855 1514 1417 1953 1228 1656 1030 1662 1104 1102 1392 1020 1379 1019 1724 1571 1215 1513 1906 1241 1739 1400 1259 1780 1010 1168 1964 1442 1483 1990 1157 1786 1646 1006 1764 1685 1144 1272 1148 1767 1934 1562 1125 1240 1467 1815 1791 1997 1899 1988 1250 1164 1758 1799 1488 1064 1500 1319 1631 1233 1790 1722 1647 BCNSPRNW ULIB Ver.6.0+V

เปลี่ยนเป็นภาษาไทย

Change to English
 แสดงรายละเอียดบรรณานุกรม
  กลับหน้าหลัก

Brief Record : Get Marc (ISO 2709) : E-mail record : QR code < ปิดหน้าต่าง
LEADER : 00000nam 2200000uu 4500
001    13399126760
003     ULIB
008    190301s2560||||th 000 0 tha d
020 ^9 ^a9786164411487
050  0 ^aBF658.4092ส248ศ
100 0^ aสมชาติ กิจยรรยง
245 10 ^aศาสตร์และศิลป์ของผู้นำที่ครองใจคน/ สมชาติ กิจยรรยง
300 ^2 ^a270 หน้า ;21 ซม.
650 ^4 ^aผู้นำ
650 ^7 ^aภาวะผู้นำ
945    ^p199^l0^i27154
999    ^aกัณชพร จุลอักษร
รายการนี้ยังไม่มีแท็ก
คุณยังไม่ได้ล็อกอิน คุณสามารถมีกิจกรรมร่วมกับเว็บไซต์ได้ แต่ต้องล็อกอินก่อน ::
  ล็อกอิน

รายการสื่อสารสนเทศ

ลำดับที่ ประเภท เลขเรียก/บาร์โค้ด สถานที่ สถานะ
1. วิทยาศาสตร์การแพทย์ และสุขภาพ
วิทยาศาสตร์การแพทย์ และสุขภาพ
BF658.4092ส248ศ ฉ.1 
  Barcode: 27154
ห้องสมุดวิทยาเขตนครสวรรค์
►หนังสือทั่วไป:l:General Books
บนชั้น

รายการใกล้เคียง
    ชื่อเรื่อง [ศาสตร์และศิลป์ของผู้นำที่ครองใจคน/ สมชาติ กิจยรรยง]

    หัวเรื่อง [ผู้นำ]
    หัวเรื่อง [ภาวะผู้นำ]

BibComment


ยังไม่เคยถูกคอมเมนท์

คอมเมนท์ทรัพยากรรายการนี้
  คอมเมนท์: ศาสตร์และศิลป์ขอ..


 Copyright 2026. Bcnsprnw @Library